000 00524nam a22001817a 4500
005 20260515115024.0
008 240613b |||||||| |||| 00| 0 eng d
040 _aIN-DiNC
_cIN-DiNC
041 _dasm
082 _a891.4511
_bMAH
100 _aMahanta, Swadhinata
_eauthor
245 _aJonakir poharat Asamiya kabita/
_cby Swadhinata Mahanta
250 _a1st ed.
260 _aJorhat:
_bAsam Sahitya Sabha,
_c2012.
300 _a224p.
650 _aCritical analysis of Assamese poetry in Jonaki age
942 _2ddc
_cBK
999 _c11835
_d11835